000
00290nam a2200121Ia 4500
100
_a
Mahajan/S. & others
942
_c
RB
654
_a
Computer
245
_a
Super computing for Scientific Visualization
260
_b
Tata Mc Graw hill
_a
New Delhi
_c
1994
546
_a
ENGLISH
999
_c
35137
_d
35137